Be-tsetekha uve-oholekha : (Record no. 32609)
[ view plain ]
| 000 -LEADER | |
|---|---|
| fixed length control field | 01346cam a22002411a 4500 |
| 001 - CONTROL NUMBER | |
| control field | he 67001691 |
| 003 - CONTROL NUMBER IDENTIFIER | |
| control field | DLC |
| 005 - DATE AND TIME OF LATEST TRANSACTION | |
| control field | 20260227111449.0 |
| 008 - FIXED-LENGTH DATA ELEMENTS--GENERAL INFORMATION | |
| fixed length control field | 851119s1966 is 000 0 heb |
| 010 ## - LIBRARY OF CONGRESS CONTROL NUMBER | |
| LC control number | he 67001691 |
| 025 ## - OVERSEAS ACQUISITION NUMBER | |
| Overseas acquisition number | PL480:Is-4116 |
| 035 ## - SYSTEM CONTROL NUMBER | |
| System control number | (OCoLC)12819519 |
| 040 ## - CATALOGING SOURCE | |
| Original cataloging agency | DLC |
| Transcribing agency | WaU |
| Modifying agency | WaU |
| -- | DLC |
| 042 ## - AUTHENTICATION CODE | |
| Authentication code | premarc |
| 050 00 - LIBRARY OF CONGRESS CALL NUMBER | |
| Classification number | PJ5053.S29 |
| Item number | B4 |
| 100 1# - MAIN ENTRY--PERSONAL NAME | |
| Personal name | Sadan, Dov, |
| Dates associated with a name | 1902-1989. |
| 245 10 - TITLE STATEMENT | |
| Title | Be-tsetekha uve-oholekha : |
| Remainder of title | minyan ḥeḳeri-sifrut / |
| Statement of responsibility, etc. | Dov Sadan. |
| 260 ## - PUBLICATION, DISTRIBUTION, ETC. | |
| Place of publication, distribution, etc. | [Tel-Aviv] : |
| Name of publisher, distributor, etc. | Agudat ha-Sofrim be-Yiśraʼel li-Yad Hotsaʼat Masadah, |
| Date of publication, distribution, etc. | [1966] |
| 300 ## - PHYSICAL DESCRIPTION | |
| Extent | 147 p. ; |
| Dimensions | 23 cm. |
| 440 #0 - SERIES STATEMENT/ADDED ENTRY--TITLE | |
| Title | Sifriyat maḳor |
| 500 ## - GENERAL NOTE | |
| General note | "Pirsumetim teḥilah, bi-maṭbeaʻ ḳetsar ... bi-ʻitunim uvi-kitve-et ('Davar,' 'Zemanim,' 'ha-Poʻel ha-Tsaʻir,' 'Maḥberut li-Sifrut,' 'Molad,' 'Tsuḳunfṭ'), ve-ʻatah ani miparsemem bi-maṭbeaʻ arokh." |
| 505 0# - FORMATTED CONTENTS NOTE | |
| Formatted contents note | Be-tsetekha uve-oholekha; li-toladot sismah ve-shuvarah -- Bi-kolim / Sheʼolim -- Sham erets moledet -- Gilgulo shel gilgul; pizmon ve-shoreshav -- ʻAl im ha-derekh; li-derekho shel shir-ʻam ve-sheluḥotav -- Otsaro shel ʻolam; li-rishumah shel imeret ʻam -- ʻAl ḥatsatsim; temunah, ve-saʻifih -- Medanim bayn aḥim; bayn shirah, masoret ve-sipur -- Kohen ve-Elohav; derekh mashal ve-shevilav -- Le-śo ḥayiti; le-ḥeshbon nefsho shel dor. |
No items available.